Provincias de Euskal Herria - Estadísticas

Estadísticas generales
  • Esta prueba ha sido intentada 1.527 veces
  • La puntuación promedio es 5 de 7
Estadísticas de respuestas
Provincia % Correcto
3 Araba
93%
1 Bizkaia
90%
2 Gipuzkoa
90%
4 Nafarroa
83%
5 Lapurdi
38%
7 Zuberoa
32%
6 Nafarroa Behera
25%
No se encontraron pruebas coincidentes
Distribución de puntuación
Porcentaje de gente con cada puntuación
Porcentaje por número respondido
Historial de tus puntuaciones
No has intentado esta prueba.